Nazwy państw z 3 literami A - Statystyki

Ogólne statystyki
  • Ten quiz został rozwiązany 105 razy
  • Średni wynik to 11 z 17
Statystyki odpowiedzi
Hint Odpowiedź % Poprawnych
1 Afganistan
93%
2 Albania
89%
3 Australia
89%
5 Jamajka
79%
6 Kanada
78%
4 Gwatemala
75%
9 Nikaragua
70%
7 Kazachstan
66%
8 Mauretania
66%
10 Nowa Zelandia
63%
11 Panama
60%
17 Wyspy Świętego Tomasza i Książęca
56%
14 Tanzania
52%
12 Paragwaj
49%
15 Wielka Brytania
49%
13 Tajlandia
48%
16 Wyspy Marshalla
48%
Nie znaleziono quizów pasujących do podanych kryteriów
Rozkład punktacji
Procent ludzi z każdym wynikiem
Percentyl według liczby udzielonych odpowiedzi
Twoja historia wyników
Nie rozwiązałeś tego quizu